| 000 | 00513nam a2200157 i 4500 | ||
|---|---|---|---|
| 001 | 84422 | ||
| 003 | ES-MaACL | ||
| 005 | 20230906175019.0 | ||
| 007 | t| | ||
| 008 | 041122s1920 hu ||||1| fre d | ||
| 100 | 1 |
_aJancsó, Benedek. _965994 |
|
| 245 | 1 | 0 |
_aDefensio nationis hungaricae, recours en appel auprès du tribunal de l'opinion scientifique impartiale de l'humanité / _cBenedek Jancsó. |
| 260 |
_aBudapest : _bV. Hornyánszky, _c1920. |
||
| 300 |
_aIV, 287 p. ; _c24 cm. |
||
| 852 |
_aES-MaACL _jC-1865 |
||
| 999 |
_c84422 _d84422 |
||